សញ្ញាណនៃគណិតវិទ្យាវិភាគ : (Record no. 6561)

MARC details
000 -LEADER
fixed length control field 01673nam a22002537a 4500
001 - CONTROL NUMBER
control field 6561
003 - CONTROL NUMBER IDENTIFIER
control field FISKH
005 - DATE AND TIME OF LATEST TRANSACTION
control field 20250509154408.0
008 - FIXED-LENGTH DATA ELEMENTS--GENERAL INFORMATION
fixed length control field 250509b cb ||||| |||| 00| 0 eng d
040 ## - CATALOGING SOURCE
Original cataloging agency FISKH
Language of cataloging khr
Transcribing agency FISKH
Modifying agency FISKH
082 ## - DEWEY DECIMAL CLASSIFICATION NUMBER
Classification number 510
100 ## - MAIN ENTRY--PERSONAL NAME
Personal name Vitou, Ream
245 ## - TITLE STATEMENT
Title សញ្ញាណនៃគណិតវិទ្យាវិភាគ :
Remainder of title សម្រាប់អាជីវកម្ម និង​ សេដ្ឋកិច្ច /
Statement of responsibility, etc. រៀបរៀងដោយ រាម វិទូ សាស្រ្តាចារ្យ វិទ្យាស្ថានជាតិនៃកម្ពុជា​
250 ## - EDITION STATEMENT
Edition statement បោះពុម្ពលើកទី២
260 ## - PUBLICATION, DISTRIBUTION, ETC.
Place of publication, distribution, etc. ភ្នំពេញ​ :
Date of publication, distribution, etc. ២០០២ .
300 ## - PHYSICAL DESCRIPTION
Extent 589 pages :
Other physical details illustrations ;
Dimensions 20 cm .
520 ## - SUMMARY, ETC.
Summary, etc. សៀវភៅនេះគឺជាឧបករណ៍សិក្សាដ៏មានតម្លៃសម្រាប់សិស្សដែលចង់បង្កើនចំណេះដឹង និងការយល់ដឹងអំពីគណិតវិទ្យាវិភាគក្នុងវិស័យអាជីវកម្ម និងសេដ្ឋកិច្ច។
520 ## - SUMMARY, ETC.
Summary, etc. This book is a valuable study tool for students who wish to deepen their knowledge and understanding of analytical mathematics in the fields of business and economics.
650 ## - SUBJECT ADDED ENTRY--TOPICAL TERM
Topical term or geographic name entry element គណិតវិទ្យាសំរាប់អាជីវកម្ម និង សេដ្ឋកិច្ច​
650 ## - SUBJECT ADDED ENTRY--TOPICAL TERM
Topical term or geographic name entry element Mathematics for Business and Economics
700 ## - ADDED ENTRY--PERSONAL NAME
Personal name Mitilta, Map
Relator term Publishing Supervisor
942 ## - ADDED ENTRY ELEMENTS (KOHA)
Source of classification or shelving scheme Dewey Decimal Classification
Koha item type Khmer Books
Suppress in OPAC No
Holdings
Withdrawn status Lost status Source of classification or shelving scheme Damaged status Not for loan Collection Home library Current library Shelving location Date acquired Total Checkouts Full call number Barcode Date last seen Price effective from Koha item type
    Dewey Decimal Classification     Khmer Language Books / សៀវភៅភាសាខ្មែរ Footprints International School Library Network Toul Tom Poung Campus Footprints International School Library Network Toul Tom Poung Campus TTP Secondary Khmer Bookshelves 05/09/2025   VIT 510 2025-1248 05/09/2025 05/09/2025 Khmer Books